| 000 | 00883nam a22002897a 4500 | ||
|---|---|---|---|
| 001 | 5937 | ||
| 003 | FISKH | ||
| 005 | 20250210110659.0 | ||
| 008 | 250210b cb ||||| |||| 00| 0 eng d | ||
| 020 | _a9780590423168 | ||
| 040 |
_aFISKH _beng _cFISKH _dFISKH |
||
| 050 | _aPZ7.D3584 N | ||
| 082 | _a581 | ||
| 100 |
_aDeClements, Barthe _d(1920-) |
||
| 245 |
_aNothing's fair in fifth grade / _cBy Barthe DeClements |
||
| 250 | _aThis edition first published in 1981 | ||
| 260 |
_aNew York : _bScholastic, _c2011. |
||
| 300 |
_a137 pages : _c20 cm |
||
| 505 | _aP | ||
| 520 | _aA fifth grade class, repelled by the overweight new student who has serious home problems, finally learns to accept her. | ||
| 521 | 8 |
_a600
_bLexile |
|
| 521 | 8 |
_aP
_bRaz-Plus |
|
| 650 |
_2Juvenile fiction _aFriendship |
||
| 650 |
_2School _aGirls |
||
| 942 |
_2ddc _cBK _n0 |
||
| 999 |
_c5937 _d5937 |
||